000
00246nam a22001097a 4500
082
_a
WAP
100
_a
WAPDA
245
_a
Transmission grid tations maintence tranning manual
260
_a
WAPDA
_b
GSO Tranning
_c
1981
300
_a
IRP
942
_c
BK
999
_c
14285
_d
14285